Dirāsāt fī fiqh al-Kitāb wa-al-sunnah, (Record no. 49979)

MARC details
000 -LEADER
fixed length control field 00837cam a22002531 4500
001 - CONTROL NUMBER
control field ne 68000255
003 - CONTROL NUMBER IDENTIFIER
control field DLC
005 - DATE AND TIME OF LATEST TRANSACTION
control field 20260227111836.0
008 - FIXED-LENGTH DATA ELEMENTS--GENERAL INFORMATION
fixed length control field 840113s19651967ua 000 0 ararc
010 ## - LIBRARY OF CONGRESS CONTROL NUMBER
LC control number ne 68000255
035 ## - SYSTEM CONTROL NUMBER
System control number (OCoLC)10295407
040 ## - CATALOGING SOURCE
Original cataloging agency Princeton Univ. Libr.
Transcribing agency TxU
Modifying agency DLC
050 00 - LIBRARY OF CONGRESS CALL NUMBER
Classification number KBP285
Item number .D57 1965
245 00 - TITLE STATEMENT
Title Dirāsāt fī fiqh al-Kitāb wa-al-sunnah,
Statement of responsibility, etc. taʼlīf Aḥmad ʻAbd al-Munʻim al-Bahī [wa-ākharīn]
260 ## - PUBLICATION, DISTRIBUTION, ETC.
Place of publication, distribution, etc. [al-Qāhirah] :
Name of publisher, distributor, etc. Maṭbaʻat Lajnat al-Bayān al-ʻArabī
Date of publication, distribution, etc. 1965-[67]
300 ## - PHYSICAL DESCRIPTION
Extent 2 v.
Dimensions 24 cm.
500 ## - GENERAL NOTE
General note At head of title: Jāmiʻat al-Azhar. Kullīyat al-Sharīʻah.
504 ## - BIBLIOGRAPHY, ETC. NOTE
Bibliography, etc. note Bibliographical footnotes.
650 #0 - SUBJECT ADDED ENTRY--TOPICAL TERM
Topical term or geographic name entry element Islamic law.
650 #0 - SUBJECT ADDED ENTRY--TOPICAL TERM
Topical term or geographic name entry element Sunnites
650 #0 - SUBJECT ADDED ENTRY--TOPICAL TERM
Topical term or geographic name entry element Islamic law
Form subdivision Sources
650 #0 - SUBJECT ADDED ENTRY--TOPICAL TERM
Topical term or geographic name entry element Zakat
700 1# - ADDED ENTRY--PERSONAL NAME
Personal name Bahī, Aḥmad ʻAbd al-Munʻim.

No items available.

Powered by Koha